ՀՀ Գիտությունների ազգային ակադեմիայի հիմնարար գիտական գրադարան  =   Fundamental Scientific Library of NAS RA

Աչք պահել վանքին, ոչ թե թվանքին : (Record no. 212165)

MARC details
000 -LEADER
fixed length control field 00954nam a2200229 a 4500
001 - CONTROL NUMBER
control field 000551335
003 - CONTROL NUMBER IDENTIFIER
control field AM-YEHGA
005 - DATE AND TIME OF LATEST TRANSACTION
control field 20250618073129.0
008 - FIXED-LENGTH DATA ELEMENTS--GENERAL INFORMATION
fixed length control field 070925s2007 ai |||||||||||||||0|arm|d
020 ## - INTERNATIONAL STANDARD BOOK NUMBER
International Standard Book Number 9789994178094
040 ## - CATALOGING SOURCE
Original cataloging agency AM-YeHGA
041 0# - LANGUAGE CODE
Language code of text/sound track or separate title arm
090 ## - LOCALLY ASSIGNED LC-TYPE CALL NUMBER (OCLC); LOCAL CALL NUMBER (RLIN)
-- 213678
100 1# - MAIN ENTRY--PERSONAL NAME
Personal name Կարայան, Ռոբերտ Մուշեղի,
Dates associated with a name 1937-2015
9 (RLIN) 1952
245 10 - TITLE STATEMENT
Title Աչք պահել վանքին, ոչ թե թվանքին :
Remainder of title Իմաստախոս մանրաքանդակներ /
Statement of responsibility, etc. Ռ. Կարայան ; Առաջաբ.՝ Ս. Արզումանյան ; Խմբ.՝ Շ. Գրիգորյան.
260 ## - PUBLICATION, DISTRIBUTION, ETC.
Place of publication, distribution, etc. Երևան :
Name of publisher, distributor, etc. Իրավունք,
Date of publication, distribution, etc. 2007.
300 ## - PHYSICAL DESCRIPTION
Extent 144 էջ ;
Dimensions 18 սմ.
650 14 - SUBJECT ADDED ENTRY--TOPICAL TERM
Topical term or geographic name entry element Հայ գրականություն
700 1# - ADDED ENTRY--PERSONAL NAME
Personal name Արզումանյան, Սևակ Հարությունի,
Dates associated with a name 1929-2004
Relator term առաջաբ.
Relationship aui
9 (RLIN) 981
700 1# - ADDED ENTRY--PERSONAL NAME
Personal name Գրիգորյան, Շավիղ Սուրենի,
Dates associated with a name 1922-2012
Relator term խմբ.
Relationship edt
9 (RLIN) 3266
942 ## - ADDED ENTRY ELEMENTS (KOHA)
Source of classification or shelving scheme Universal Decimal Classification
Koha item type Գրքեր / Books
Holdings
Withdrawn status Lost status Damaged status Not for loan Collection Home library Current library Date acquired Cost, normal purchase price Shelving control number Total checkouts Full call number Barcode Date last seen Price effective from Koha item type Public note Source of classification or shelving scheme
        General Fundamental Scientific Library Fundamental Scientific Library 28/12/2016 1000.00     AII/96518 FL0186427 28/12/2016 28/12/2016 Գրքեր / Books 30 Days Loan  
        General Fundamental Scientific Library Fundamental Scientific Library 28/12/2016 1000.00     AII/96519 FL0186426 28/12/2016 28/12/2016 Գրքեր / Books 30 Days Loan  
        General Fundamental Scientific Library Fundamental Scientific Library 28/12/2016 1000.00     AII/96520 FL0186425 28/12/2016 28/12/2016 Գրքեր / Books 30 Days Loan  
        General Fundamental Scientific Library Fundamental Scientific Library 26/01/2024       AII/111382 FL0681778 26/01/2024 26/01/2024 Գրքեր / Books 30 Days Loan Universal Decimal Classification


ՀՀ ԳԱԱ հիմնարար գիտական գրադարան
ՀՀ,Երևան 0019
Մարշալ Բաղրամյան 24/6
հեռախոս:(374-10) 52-47-50
Հետադարձ կապ

All site content, except where otherwise noted, is licensed under a
Creative Commons License